مكتبة جامعة عجلون الوطنية

فهرس بحث المكتبة

Cases in financial management / (Record no. 33223)

MARC details
000 -LEADER
fixed length control field 00786cam a2200241 a 4500
001 - CONTROL NUMBER
control field 498214
003 - CONTROL NUMBER IDENTIFIER
control field JO-AjAnu
005 - DATE AND TIME OF LATEST TRANSACTION
control field 20231202122824.0
008 - FIXED-LENGTH DATA ELEMENTS--GENERAL INFORMATION
fixed length control field 850724s1986 nyu 000 0 eng
010 ## - LIBRARY OF CONGRESS CONTROL NUMBER
LC control number 85018728
020 ## - INTERNATIONAL STANDARD BOOK NUMBER
International Standard Book Number 0023377100 (pbk.)
040 ## - CATALOGING SOURCE
Original cataloging agency DLC
Transcribing agency DLC
Modifying agency OCoLC
-- JO-AjAnu
-- DLC
050 00 - LIBRARY OF CONGRESS CALL NUMBER
Classification number HG4026
Item number .F523 1986
082 00 - DEWEY DECIMAL CLASSIFICATION NUMBER
Classification number 658.1/5
Edition number 19
100 1# - MAIN ENTRY--PERSONAL NAME
Personal name Finkel, Sidney R.
Relator term Author
245 10 - TITLE STATEMENT
Title Cases in financial management /
Statement of responsibility, etc. Sidney R. Finkel.
260 ## - PUBLICATION, DISTRIBUTION, ETC.
Place of publication, distribution, etc. New York :
Name of publisher, distributor, etc. Macmillan ;
Place of publication, distribution, etc. London :
Name of publisher, distributor, etc. Collier Macmillan,
Date of publication, distribution, etc. c1986.
300 ## - PHYSICAL DESCRIPTION
Extent xiii, 328 p. ;
Dimensions 23 cm.
650 40 - SUBJECT ADDED ENTRY--TOPICAL TERM
Topical term or geographic name entry element Corporations
General subdivision Finance
-- Decision making
-- Case studies.
650 #0 - SUBJECT ADDED ENTRY--TOPICAL TERM
Topical term or geographic name entry element Corporations
General subdivision Finance
-- Data processing.
906 ## - LOCAL DATA ELEMENT F, LDF (RLIN)
a 7
b cbc
c orignew
d 1
e ocip
f 19
g y-gencatlg
942 ## - ADDED ENTRY ELEMENTS (KOHA)
Source of classification or shelving scheme Library of Congress Classification
Koha item type Books
Suppress in OPAC No
Holdings
Withdrawn status Lost status Source of classification or shelving scheme Damaged status Not for loan Home library Current library Date acquired Total Checkouts Full call number Barcode Date last seen Price effective from Koha item type
    Library of Congress Classification     مكتبة جامعة عجلون الوطنية مكتبة جامعة عجلون الوطنية 02/12/2023   HG4026.F523.1986 E3580 02/12/2023 02/12/2023 Books